000 00932nam a2200265Ia 4500
003 OSt
005 20220923212600.0
006 a|||||r|||| 00| 0
007 ta
008 220922b |||||||| |||| 00| 0 hin d
024 _a154,183
037 _cTextual
040 _aARTS
_cARTS
_bhin
041 _2hin
_ahin
082 _aO152vN, J2
100 _aद्विव्वेदी, हजारीप्रसाद
245 0 _aहिन्दी साहित्य उद्भव और विकास
246 _aHindī sāhitya udbhav aur vikāsa
260 _aनई दिल्ली
_b राजकमल प्रकाशन
_c1952
300 _a292 पृ.
_ccm.
490 _aFYUP DC-1 HIN
650 _aहिन्दी साहित्य
_9156264
942 _hO152vN, J2
_cTEXL
_2CC
999 _c309811
_d309811